000
00264nam a2200109Ia 4500
008
190216s9999||||xx |||||||||||||| ||und||
100
_a
Bhakri S S
245
0
_a
Master Guide To Bank Recruitment Test
260
_b
New Heights
650
_a
References
942
_c
REF
999
_c
35612
_d
35612